000 00341nam a22001457a 4500
020 _a9780070671195
040 _cNUST
082 _a670.42 BAW
100 _aBawa, H. S.
245 _aWorkshop Practice
250 _a2nd Edition
260 _aNew Delhi:
_bMcGraw-Hill,
_c2014.
650 _aWorkshop Practice
_9112944
942 _2ddc
_cBK
999 _c594901
_d594901